000 00570nam a2200181 a 4500
001 000036088
005 20200930074850.0
008 111207s1999 ag 000 0 spa d
020 _a8477206473
040 _aDO-SdBNP
_bspa
_cBNPHU
082 _axxxx
_bV433a
100 1 _aVelasco Vilardell, María José
_962124
245 1 0 _aSer asertivo o cómo sentirse bien consigo mismo. /
_cMaría José Velasco Vilardell.
260 _aBuenos Aires :
_bEdiciones Obelisco,
_c1999.
300 _a123 p. ;
_c22 cm.
490 1 _aObelisco-éxito
830 0 _aObelisco-éxito
_962125
999 _c35579
_d35579